000
00277nam a22001217a 4500
008
180208b xxu||||| |||| 00| 0 eng d
041
_a
eng
080
_a
615.83
100
_a
8
101
_a
EKZ
245
_a
Inclusive& special recreation
_c
Smith,R.W
942
_2
udc
_c
BK
999
_c
42190
_d
42190